Vybrané kapitoly z teórie plánovania národného hospodárstva pre poslucháčov 5. roč. ekonomickej špecializácie prevádzkovo-ekonomickej fakulty

Bibliographic Details
Main Author: Šimko, Otto (Author)
Format: Book
Language:Slovak
PhysicalDescription:164 s. sch., tab. 4°
Published: Nitra Vysoká škola poľnohospodárska 1970
Subjects:

MARC

LEADER 00000cam a2200000 a 4500
001 vtls008308485
003 SK-MaSNL
005 20260301134727.0
008 230403s1970 xo a e np 000 0 slo
015 |a SNBA1970 
035 |a SK01SNK19700000702 
035 |a urn:nbn:sk:snk-aml8tn 
035 |a urn:nbn:sk:snk-am008s7i 
035 |a F3B24CA4-48D4-462C-A8D5-15150EA7FC24 
035 |a SKM000003165 
040 |a SNK  |b slo  |c SNK  |e AACR2 
041 0 |a slo 
044 |a xo  |c SK 
080 |a 33(075.8)  |2 1981 
100 1 |a Šimko, Otto  |4 aut  |9 398142 
245 1 0 |a Vybrané kapitoly z teórie plánovania národného hospodárstva pre poslucháčov 5. roč. ekonomickej špecializácie prevádzkovo-ekonomickej fakulty  |c Otto Šimko 
260 |a Nitra  |b Vysoká škola poľnohospodárska  |c 1970 
300 |a 164 s.  |b sch., tab.  |c 4° 
366 |e 200 výt. 
504 |a Bibliogr. odkazy 
650 0 7 |a národné hospodárstvo  |2 SNKPH  |9 846 
650 0 7 |a plánovanie  |2 SNKPH  |9 15324 
655 7 |a učebnice vysokých škôl  |2 SNKPH  |9 70191 
852 |a Slovenská národná knižnica 
954 |a odborná, vedecká literatúra pôvodná (slovenská)  |2 lita 
958 |a OND 
958 |a RM 
958 |a NB 
958 |a UV 
958 |a EUIPO 
999 |c 757939  |d 759869 
952 |a SNK  |b SNK  |y PREZ  |7 0  |p 17A0840878  |o snkSB 15732  |i snkKSP 2017/70  |0 0  |1 0  |4 0  |d 2015-01-14  |f 1  |l 0  |r 2025-03-17 00:00:00  |w 2026-02-23 
952 |a SNK  |b SNK  |y VYP  |7 0  |o snkSB 15732 D1  |i snkKSP 2018/70  |0 0  |1 0  |4 0  |d 2015-01-14  |l 0  |r 2026-02-23 23:54:43  |w 2026-02-23